Deception Point (Record no. 221242)
[ view plain ]
| 000 -LEADER | |
|---|---|
| fixed length control field | 00871nam a22002057a 4500 |
| 005 - DATE AND TIME OF LATEST TRANSACTION | |
| control field | 20220119112535.0 |
| 008 - FIXED-LENGTH DATA ELEMENTS--GENERAL INFORMATION | |
| fixed length control field | 220119b ||||| |||| 00| 0 eng d |
| 020 ## - INTERNATIONAL STANDARD BOOK NUMBER | |
| International Standard Book Number | 9780552161244 |
| 040 ## - CATALOGING SOURCE | |
| Transcribing agency | AL |
| 041 ## - LANGUAGE CODE | |
| Language code of text/sound track or separate title | eng |
| 082 ## - DEWEY DECIMAL CLASSIFICATION NUMBER | |
| Edition number | 23 |
| Classification number | 813.54 |
| Item number | BROD |
| 100 ## - MAIN ENTRY--PERSONAL NAME | |
| Personal name | Dan Brown |
| 9 (RLIN) | 13661 |
| 245 ## - TITLE STATEMENT | |
| Title | Deception Point |
| 260 ## - PUBLICATION, DISTRIBUTION, ETC. | |
| Place of publication, distribution, etc. | London |
| Name of publisher, distributor, etc. | Corgi Book |
| Date of publication, distribution, etc. | 2009 |
| 300 ## - PHYSICAL DESCRIPTION | |
| Extent | 591p. |
| Other physical details | PB |
| Dimensions | 17.3X10.5cm. |
| 365 ## - TRADE PRICE | |
| Source of price type code | General |
| Price type code | 4477 |
| Price amount | ₹389.22 |
| Currency code | ₹ |
| Unit of pricing | ₹499.00 |
| Price note | 22% |
| Price effective from | 18-12-2021 |
| 520 ## - SUMMARY, ETC. | |
| Summary, etc. | A rare object has been found deep in the ice at the Arctic Circle. And Rachel Sexton is called to verify this game-changing discovery.<br/>But evidence of tampering at the site changes everything. Fleeing for her life, Rachels only hope of survival is to find answers.<br/>But the truth is the most shocking deception of all. |
| 650 ## - SUBJECT ADDED ENTRY--TOPICAL TERM | |
| Source of heading or term | Fiction |
| Topical term or geographic name entry element | English Fiction |
| 9 (RLIN) | 13662 |
| 942 ## - ADDED ENTRY ELEMENTS (KOHA) | |
| Source of classification or shelving scheme | Dewey Decimal Classification |
| Koha item type | Book |
| Withdrawn status | Lost status | Source of classification or shelving scheme | Damaged status | Not for loan | Collection code | Home library | Current library | Date acquired | Coded location qualifier | Cost, normal purchase price | Total Checkouts | Full call number | Barcode | Date last seen | Date last checked out | Cost, replacement price | Price effective from | Koha item type |
|---|---|---|---|---|---|---|---|---|---|---|---|---|---|---|---|---|---|---|
| Dewey Decimal Classification | General | St Aloysius PG Library | St Aloysius PG Library | 12/30/2021 | Biblios Bo | 389.22 | 8 | 813.54 BROD | PG023557 | 09/10/2025 | 07/30/2025 | 499.00 | 01/19/2022 | Book |